| 000 | 01235nam0a22003011 4500 | ||
|---|---|---|---|
| 001 | RU\INFOCOMM_317\NLR\5000022308 | ||
| 005 | 20250614080324.0 | ||
| 035 | _a(NLR Aleph) 010598614 | ||
| 090 |
_a10528972 _c10528972 |
||
| 100 | _a20130321d1977 |||y0rusy50 ca | ||
| 101 | 0 | _aeng | |
| 102 | _aRU | ||
| 105 | _ay z|||| | ||
| 200 | 1 |
_aOne-pion diffractive production in NN-scattering at high energies and soft-pion approximation _fL. A. Ponomarev |
|
| 210 |
_aM. _d1977 |
||
| 215 |
_a13 с. _cдиагр. _d25 см |
||
| 225 | 1 |
_a[Preprint] _fInst. of theoretical and experimental physics _vITEP-96 |
|
| 300 | _aНа обороте тит. л.: Пономарев Л. А. Дифракционное рождение одного пиона в NN-столкновении в мягкопионном приближении | ||
| 320 | _aБиблиогр.: с. 13 | ||
| 606 | 0 |
_aПионы (физ.) _xОбразование при взаимодействии нуклонов _2nlr_sh1 |
|
| 620 | _aМосква | ||
| 686 |
_aВ382.3 _2rubbk |
||
| 700 | 1 |
_aPonomarev _bL. A. _gLev Aleksandrovič |
|
| 801 | 1 |
_aRU _bInfocomm _c20130321 |
|
| 801 | 0 |
_aRU _bINFOCOMM _gPSBO |
|
| 852 |
_aNLR _jФз01 Д-8/199 |
||
| 942 | _cBOOK | ||
| 980 | _aNB | ||